000 00314nam a22001337a 4500
008 170414b xxu||||| |||| 00| 0 eng d
020 _a9780323074292
041 _aeng
080 _210 RD
_a618
100 _a10
101 _aSHM
245 _aMATERNITY WOMENS HEALTH CARE
_cLOWDERMILK.D.L
942 _2udc
_cBK
999 _c10803
_d10803